Ninho - Chansons en A - Statistiques

Statistiques générales
  • Ce quiz a été pris 65 fois
    15 depuis la dernière actualisation
  • Le résultat moyen est 2 sur 11
Statistiques - réponses
A % Correct
A Kinshasa
67%
Athéna
33%
Aïcha
25%
Air Max
17%
A L'AUBE
17%
Arme de Poing
17%
A decouvert
8%
A midi
8%
Acolyte
0%
Au 33ème
0%
Authentique
0%
Aucun quiz correspondant
Distribution des résultats
% des personnes avec chaque résultat
Percentile par nombre de réponses
Votre historique - résultats
Vous n’avez pas pris ce quiz depuis la dernière actualisation